As I see it: the Karan Singh reader (Record no. 398487)

000 -LEADER
fixed length control field 00364cam a22001337a 4500
008 - FIXED-LENGTH DATA ELEMENTS--GENERAL INFORMATION
fixed length control field 180718b2001 xxu||||| |||| 00| 0 eng d
020 ## - INTERNATIONAL STANDARD BOOK NUMBER
International Standard Book Number 8176210234
082 ## - DEWEY DECIMAL CLASSIFICATION NUMBER
Classification number A99 K143
100 ## - MAIN ENTRY--PERSONAL NAME
Personal name Karan Singh
245 ## - TITLE STATEMENT
Title As I see it: the Karan Singh reader
Statement of responsibility, etc. by Karan Singh
260 ## - PUBLICATION, DISTRIBUTION, ETC.
Place of publication, distribution, etc. Delhi
Name of publisher, distributor, etc. Full Circle
Date of publication, distribution, etc. 2001
300 ## - PHYSICAL DESCRIPTION
Extent 275p.
650 ## - SUBJECT ADDED ENTRY--TOPICAL TERM
Topical term or geographic name entry element Karan Singh - Autobiography
Holdings
Withdrawn status Lost status Damaged status Not for loan Permanent Location Current Location Date acquired Full call number Barcode Date last seen Price effective from Koha item type
        Indian Institute of Public Administration Indian Institute of Public Administration 2001-08-25 A99 K143 76872 2018-07-21 2018-07-21 Book

Powered by Koha